000 01049nam a22003017a 4500
003 CHAP
005 20220329134135.0
008 971013s1969 r 00010 d
010 _a16026
011 _a16998
035 _a21080
040 _cCHAP
090 _aTesis
100 0 0 _aGuillén Osorio, Agustín Rafael.
_951398
245 _aRutina de funcionamiento cuya finalidad es el aprovechamiento óptimo de la "Librería del Economista" de la Facultad de Economía de la Universidad de Nuevo León
260 _aMonterrey, N.L., :
_bEl autor,
_c1969
300 _a61 h
502 _aTesis (Lic. en Economía) -- Universidad de Nuevo León. Fac. de Economía
590 _aALEPH
_b10
_c20130110
_lUCH01
_h1238
590 _aBATCH-UPD
_b10
_c20130110
_lUCH01
_h2233
590 _aBATCH-UPD
_b10
_c20130410
_lUCH01
_h1528
590 _aBATCH-UPD
_b10
_c20130914
_lUCH01
_h1724
590 _aCONVERSION
_b10
_c20130109
_lUCH01
_h1310
650 1 4 _aLibrerías.
_966645
901 _aBK
942 _cTESIS
949 _bBC
_cTES
_d-49150
_eTS1
_i21080
_si
999 _c16026
_d16026